<?xml version="1.0" encoding="UTF-8"?>
<collection xmlns="http://www.loc.gov/MARC21/slim">
 <record>
  <leader>01682nam a2200253Ia 4500</leader>
  <controlfield tag="001">CTU_165877</controlfield>
  <controlfield tag="008">210402s9999    xx            000 0 und d</controlfield>
  <datafield tag="020" ind1=" " ind2=" ">
   <subfield code="c">64000</subfield>
  </datafield>
  <datafield tag="082" ind1=" " ind2=" ">
   <subfield code="a">338.0959</subfield>
  </datafield>
  <datafield tag="082" ind1=" " ind2=" ">
   <subfield code="b">K87</subfield>
  </datafield>
  <datafield tag="100" ind1=" " ind2=" ">
   <subfield code="a">Kotler, Philip</subfield>
  </datafield>
  <datafield tag="245" ind1=" " ind2="0">
   <subfield code="a">Tư duy ASEAN! :</subfield>
  </datafield>
  <datafield tag="245" ind1=" " ind2="0">
   <subfield code="b">Thay đổi tư duy marketing hướng tới cộng đồng ASEAN 2015 = Think ASEAN! : Rethinking marketing toward ASEAN community 2015</subfield>
  </datafield>
  <datafield tag="245" ind1=" " ind2="0">
   <subfield code="c">Philip Kotler, Hermawan Kartajaya, Hooi Den Huan ; Lâm Đặng Cam Thảo dịch</subfield>
  </datafield>
  <datafield tag="260" ind1=" " ind2=" ">
   <subfield code="a">Hà Nội</subfield>
  </datafield>
  <datafield tag="260" ind1=" " ind2=" ">
   <subfield code="b">Thanh niên</subfield>
  </datafield>
  <datafield tag="260" ind1=" " ind2=" ">
   <subfield code="c">2010</subfield>
  </datafield>
  <datafield tag="520" ind1=" " ind2=" ">
   <subfield code="a">Giới thiệu, phân tích về thị trường ASEAN giúp giới kinh doanh và các chuyên gia marketing hiểu rõ những động lực thay đổi cùng tác động của quá trình toàn cầu hoá và khu vực hoá đối với thị trường tương lai. Nêu bật những cơ hội tại ASEAN hiện nay và chia sẻ những mô hình công ty sáng tạo, dám nghĩ dám làm - những công ty đã tự mình đạt được thành công trong khu vực này.</subfield>
  </datafield>
  <datafield tag="526" ind1=" " ind2=" ">
   <subfield code="a">Xã hội học văn hóa,Xã hội học truyền thông đại chúng,Xã hội học về dư luận xã hội</subfield>
  </datafield>
  <datafield tag="526" ind1=" " ind2=" ">
   <subfield code="b">XN352,XN355,XN371</subfield>
  </datafield>
  <datafield tag="650" ind1=" " ind2=" ">
   <subfield code="a">International cooperation,Hợp tác quốc tế,International relations,Quan hệ quốc tế</subfield>
  </datafield>
  <datafield tag="650" ind1=" " ind2=" ">
   <subfield code="z">Southeast Asia,Đông Nam Á,Southeast Asia,Đông Nam Á</subfield>
  </datafield>
  <datafield tag="904" ind1=" " ind2=" ">
   <subfield code="i">Bích Lam, Trọng Hiếu</subfield>
  </datafield>
  <datafield tag="980" ind1=" " ind2=" ">
   <subfield code="a">Trung tâm Học liệu Trường Đại học Cần Thơ</subfield>
  </datafield>
 </record>
</collection>
